000 00337 a2200157 4500
001 73747
020 _a8590289788
040 _cAnchieta - Colégio São Paulo
100 _aMartins, Oswaldo Francisco
240 1 0 _aPoetrix
_lpor
245 1 0 _aPoetrix
300 _a209
362 0 _a2005
650 4 _aPoesia brasileira
942 _cBK
999 _c73747
_d73747